00894nam a2200277 i 4500001001000000003000900010005001700019007000300036008004100039020001800080040003000098041000800128082002400136100005200160245005500212264007100267300002700338336002700365337003300392338002800425500005600453650002400509650002700533650002300560700003300583000037687DO-SdBNP20250626105702.0ta121115s2012 dr 000 0 spa d a9789945489095 aDO-SdBNPbspacBNPHUerda aspa 4aRD861.44bG861n2221 aGrimaldi Silié, Eleanor, d1948-eautor4aut.10aNaturaleza multicolor /cEleanor Grimaldi Silié. 4aSanto Domingo, Republica Dominicana :bEditorial Santuario,c2012. a75 páginas ;c24 cm. atextobtxt2rdacontent asin mediaciónbn2rdamedia avolumenbnc0rdacarrier aIncluye datos biográfico del autor en las solapas 4aPoesía dominicana 4aLiteratura dominicana. 4aHaikus dominicanos1 aSantana, Amado,4Diagramador